[Event "HokkaidoCh2019"]
[Site "?"]
[Date "2019.03.24"]
[Round "5.7"]
[White "Kobayashi, Katsuhiko"]
[Black "Ito, Katsuhide"]
[Result "1-0"]
[WhiteElo "1564"]
[BlackElo "1303"]
[PlyCount "63"]
[SourceVersionDate "2019.03.23"]

1. e4 c5 2. Nf3 Nc6 3. Bb5 d6 4. Bxc6+ bxc6 5. O-O d5 6. d3 Bg4 7. Be3 d4 8.
Bd2 e6 9. h3 Bh5 10. g4 Bg6 11. Ne5 Bd6 12. Nxg6 hxg6 13. Kg2 g5 14. Na3 Rb8
15. Nc4 Bf4 16. Bxf4 gxf4 17. Qd2 f3+ 18. Kxf3 Qh4 19. Rh1 Ne7 20. Qf4 Kd7 21.
Ne5+ Kc8 22. Nxf7 Ng6 23. Nd6+ Kd7 24. Qh2 Rbf8+ 25. Ke2 Nf4+ 26. Kd2 Kxd6 27.
e5+ Kxe5 28. Rae1+ Kd6 29. Re4 e5 30. Rhe1 Qg5 31. Rxe5 Ng6+ 32. Rxg5+ 1-0